| 000 | 00370nam a2200157Ia 4500 | ||
|---|---|---|---|
| 008 | 230312s9999||||xx |||||||||||||| ||und|| | ||
| 020 | _a0-13-096253-8 | ||
| 082 |
_a004 _bLON-C |
||
| 100 | _aLong Larry | ||
| 245 | 0 | _aComputers | |
| 260 |
_bPrentice Hall _aNew Jersey _c2001 |
||
| 300 | _a240 | ||
| 546 | _aEng. | ||
| 650 |
_aComputer _vWorld of Computer , |
||
| 942 | _cBK | ||
| 999 |
_c3378 _d3378 |
||